000 00497nam a2200217Ia 4500
003 OSt
005 20221005130058.0
006 a|||||r|||| 00| 0
007 ta
008 221004b |||||||| |||| 00| 0 eng d
024 _a120320
037 _cTextual
040 _aCRL
_cCRL
_beng
041 _2eng
_aeng
100 _aAbdul Haq
_9169372
245 0 _aQamus al-kutub Urdu
260 _c1961
650 _aURDU LANGUAGE
942 _cTEXL
_2cc
999 _c1056017
_d1056017